You can heal your life (Record no. 92904)

MARC details
000 -LEADER
fixed length control field 00497nam a2200193Ia 4500
005 - DATE AND TIME OF LATEST TRANSACTION
control field 20251120192537.0
008 - FIXED-LENGTH DATA ELEMENTS--GENERAL INFORMATION
fixed length control field 230125s9999 xx 000 0 und d
020 ## - INTERNATIONAL STANDARD BOOK NUMBER
International Standard Book Number 978-81-905655-8-5
041 ## - LANGUAGE CODE
Language code of text/sound track or separate title eng
082 ## - DEWEY DECIMAL CLASSIFICATION NUMBER
Classification number 158.1
Item number HAY
100 ## - MAIN ENTRY--PERSONAL NAME
Author Hay L L
245 ## - TITLE STATEMENT
Title You can heal your life
260 ## - PUBLICATION, DISTRIBUTION, ETC.
Date of publication, distribution, etc. 2005
Name of publisher, distributor, etc. Hay House India
Place of publication, distribution, etc. New Delhi
300 ## - PHYSICAL DESCRIPTION
Extent 98p
500 ## - GENERAL NOTE
Keywords Personality Development
650 ## - SUBJECT ADDED ENTRY--TOPICAL TERM
Topical term or geographic name entry element Personality Development
700 ## - ADDED ENTRY--PERSONAL NAME
Personal name Hay L L
942 ## - ADDED ENTRY ELEMENTS (KOHA)
Koha item type Donated Book
Holdings
Withdrawn status Lost status Damaged status Not for loan Home library Current library Date acquired Vendor Full call number Barcode Date last seen Bill Date Koha item type Original Barcode
        Smt. Hiraben Nanavati Institute of Management & Research for Women Smt. Hiraben Nanavati Institute of Management & Research for Women 30/03/2013 Satya Gilani 158.1 HAY DB1817 HIMR-DB-1817 25/01/2023 30/03/2013 Donated Book DB1817